000 01060nam a2200277 i 4500
001 105089
003 ES-MaACL
005 20231005134611.0
007 t|
008 060612s1967 sp ||||1| spa d
080 _a73 Danil (083.82)
100 1 _aDanil (
_qPanagopoulos, Danil)
_942639
245 1 0 _aDanil
_b: [exposición, Sala del Prado del Ateneo de Madrid, abril y mayo de 1967] /
_c[texto: Pierre Restany].
260 _a[Madrid] :
_bPublicaciones Españolas,
_c[1967]
300 _a[8] p. :
_bil. ;
_c23 cm.
490 1 _aCuadernos de arte. Serie divulgación ;
_v83
600 1 4 _aDanil (
_qPanagopoulos, Danil)-
_vExposiciones.
_942640
610 2 7 _aAteneo de Madrid-
_vExposiciones-
_y1960-1969.
_91920
655 7 _2tgfbne
_9193628
_aCatálogos de exposiciones
700 1 _aRestany, Pierre.
_996341
710 2 _aAteneo de Madrid.
_bSala del Prado.
_91965
830 0 _aCuadernos de arte. Serie divulgación ;
_v83
_9184876
852 _aES-MaACL
_j2205-F-2
_9109026
_bR.137746
_cDEPOF
942 _2udc
_cFOLLETOS
999 _c105089
_d105089